000 00937cam a22002294a 4500
005 20250605164333.0
008 250528s ||||||||||||||||||||||||d
035 _a23306
020 _a9789663716074
040 _aGR-AtMCL
_bgre
_dGR-AtMCL
_eAACR2
245 1 _aΚλινική Ανατομία
250 _a
260 _bΠ.Χ Πασχαλίδης,
_c1985
300 _a1230
520 _aΤο βιβλίο ασχολείται με θέματα κλινικής ανατομίας, λέξεις κλειδιά: Θώρακας, Κοιλιά, Πύελος και Περίνεο, Ράχη, Κάτω Άκρο, Άνω Άκρο, Κεφαλή, Λαιμός, Περίληψη των Εγκεφαλικών Νεύρων, Κεντρικό Νευρικό Σύστημα
700 1 _aAnne M.R. Agur
_98890
700 1 _aArtthur F. Dalley
_98891
700 1 _aKeith L. Moore
_98892
942 _cBK
999 _c8333
_d8333